LEADER 00962nam a22002651i 4500 001 991000799819707536 005 20040202113056.0 008 040220s1992 it a||||||||||||||||ita 035 $ab1267221x-39ule_inst 035 $aARCHE-067055$9ExL 040 $aDip.to Scienze pedagogiche$bita$cA.t.i. Arché s.c.r.l. Pandora Sicilia s.r.l. 082 04$a551.3 100 1 $aRicci Lucchi, Franco$034602 245 12$aI ritmi del mare :$bsedimenti e dinamica delle acque /$cFranco Ricci Lucchi 260 $aRoma :$bNIS,$c1992 300 $a251 p. :$bill. ;$c21 cm 440 0$aBiblioteca scientifica ;$v3 650 4$aMare 650 4$aSedimenti marini 907 $a.b1267221x$b02-04-14$c17-03-04 912 $a991000799819707536 945 $aLE022 MPs-S 122 C 24$g1$i2022000182195$lle022$o-$pE0.00$q-$rl$s- $t0$u0$v0$w0$x0$y.i13181361$z17-03-04 996 $aRitmi del mare$998834 997 $aUNISALENTO 998 $ale022$b17-03-04$cm$da $e-$fita$git $h2$i1 LEADER 00936nam 2200313z- 450 001 9910717389703321 005 20241218121510.0 035 $a(CKB)3780000000249280 035 $a(DcWaBHL)65664 035 $a(EXLCZ)993780000000249280 100 $a20240129c1964uuuu -u- - 101 0 $aeng 200 10$aCotton boll weevil : Anthonomus grandis Boh. : Abstracts of research publications, 1843-1960 210 1$aWashington, D.C$cU.S. Dept. of Agriculture, Cooperative States Research Service$d1964 215 $a1 online resource 517 $aCotton boll weevil 606 $aAbstracts 606 $aBibliography 606 $aBoll weevil 606 $aInternet resource 615 4$aAbstracts 615 4$aBibliography 615 4$aBoll weevil 615 4$aInternet resource 801 0$bU.S. Nat'l Agr.Libr. 906 $aBOOK 912 $a9910717389703321 996 $aCotton boll weevil$93545909 997 $aUNINA